| 000 | 00509nam a22001697a 4500 | ||
|---|---|---|---|
| 005 | 20251108165453.0 | ||
| 008 | 250721s1972 xx 000 0 ara d | ||
| 082 | 1 | 4 | _aم/028.7/محم |
| 100 | 1 | _aحماده، محمد ماهر | |
| 245 | 1 | 0 | _aالمصادر العربية و المعربه / |
| 264 | 1 |
_aبيروت : _bمؤسسة الرسالة، _c1972. |
|
| 300 | _a335ص | ||
| 650 | 1 | 7 | _aالمواد المرجعية |
| 650 | 1 | 7 | _aإستخدام المراجع |
| 942 |
_2ddc _cREF |
||
| 999 |
_c28716 _d28716 |
||